[Event "Crete Poa op"]
[Site "Crete"]
[Date "2012.04.29"]
[Round "6"]
[White "Despotakis, Vasilios"]
[Black "Papadakis, Michalis G"]
[Result "1/2-1/2"]
[WhiteElo "1824"]
[BlackElo "1768"]
[PlyCount "101"]
[EventDate "2012.04.26"]
[EventType "swiss"]
[EventRounds "7"]
[EventCountry "GRE"]
[SourceTitle "EXT 2024"]
[Source "ChessBase"]
[SourceDate "2023.10.10"]
[SourceVersion "1"]
[SourceVersionDate "2023.10.10"]
[SourceQuality "1"]

1. e4 Nf6 2. e5 Nd5 3. d4 d6 4. Nf3 dxe5 5. Nxe5 c6 6. c4 Nb4 7. Be3 Bf5 8. Na3 Nd7 9. Nf3 e6 10. Be2 Be7 11. 0-0 0-0 12. Qb3 a5 13. c5 Qc7 14. Bd2 Nd5 15. Rac1 Rfd8 16. Qa4 Nf4 17. Bc4 g5 18. Rfe1 h6 19. Qd1 Bf6 20. Nc2 b5 21. cxb6 Nxb6 22. Ne3 Bd3 23. Ng4 Bxc4 24. Nxf6+ Kf8 25. Ne5 Rxd4 26. Rxc4 Nxc4 27. Nxc4 Rxc4 28. Bc3 Qd8 29. Qb3 Rc5 30. Qa3 Qe7 31. Qxc5 Nd5 32. Qxe7+ Kxe7 33. Nxd5+ cxd5 34. Kf1 f6 35. b3 e5 36. Rd1 Ke6 37. f3 a4 38. g3 Rc8 39. Rc1 axb3 40. axb3 Ra8 41. Ke2 Ra2+ 42. Bd2 h5 43. b4 Rb2 44. Kd3 Rb3+ 45. Ke2 g4 46. f4 d4 47. fxe5 fxe5 48. Kd1 e4 49. Rc5 e3 50. Be1 d3 51. Kc1 1/2-1/2